| 000 | 00874nam a2200205Ia 4500 | ||
|---|---|---|---|
| 003 | OSt | ||
| 005 | 20200717171750.0 | ||
| 008 | 191128s1975 ck gr 000 0 spa d | ||
| 040 |
_aCO-JMCR _cCO-JMCR |
||
| 041 | 0 | _aspa | |
| 082 | 0 | 4 |
_a330.9861 / _bN677e _223 |
| 100 | 1 |
_aNieto Arteta, Luis Eduardo, _eautor _97487 |
|
| 245 | 1 | 0 |
_aEconomía y cultura en la historia de Colombia / _bLuis Eduardo Nieto Arteta |
| 250 | _aSexta edición | ||
| 260 |
_aBogotá : _bTiempo Presente, _c1975. |
||
| 300 |
_a342 páginas ; _c21 cm. |
||
| 505 | 0 | _aDos economías y dos sociedades -- La economía colonial -- Antonio Nariño y su crítica de la economía colonial -- La independencia -- La Patria boba -- Castillo y Rada -- La reacción -- Una época de transición -- Los supuestos históricos de la revolución | |
| 650 | 2 | 4 |
_aEconomía _xHistoria _zColombia _96949 |
| 942 |
_2ddc _cBK |
||
| 999 |
_c5443 _d5443 |
||